2017 AFL Draft Top 20 Picks - Statistics

General Stats
  • This quiz has been taken 11 times
  • The average score is 7 of 20
Answer Stats
Pick Team Answer % Correct
2 Fremantle Andrew Brayshaw
100%
1 Brisbane Cameron Rayner
100%
4 North Melbourne Luke Davies-Uniacke
64%
5 Fremantle Adam Cerra
55%
3 Carlton Paddy Dow
55%
9 Bulldogs Aaron Naughton
45%
8 St Kilda Nick Coffield
45%
7 St Kilda Hunter Clark
36%
6 Collingwood Jaidyn Stephenson
36%
15 Brisbane Zac Bailey
36%
18 Brisbane Brandon Starcevich
27%
17 Richmond Jack Higgins
27%
10 Carlton Lochie O'Brien
27%
11 GWS Aiden Bonar
18%
12 Adelaide Darcy Fogarty
18%
16 Bulldogs Ed Richards
18%
20 Richmond Callum Coleman-Jones
9%
13 West Coast Jarrod Brander
0%
14 Sydney Matthew Ling
0%
19 Gold Coast Wil Powell
0%
No matching quizzes found
Score Distribution
Percent of People with Each Score
Percentile by Number Answered
Your Score History
You have not taken this quiz